Score 0/11 Timer 05:00
0 Plays Today
% Correct
Christmas Day
98.5%
New Years Day
95.5%
Thanksgiving
89.6%
Memorial Day
86.6%
Labor Day
86.6%
Washington's Birthday
85.1%
Independence
85.1%
Veterans Day
77.6%
Columbus Day
64.2%
Sunday
53.7%
Martin Luther King Jr's Birthday
47.8%
Remove Ads.
Support Sporcle.
Get the best of Sporcle when you Go Orange. This ad-free experience offers more features, more stats, and more fun while also helping to support Sporcle. Thank you for becoming a member.

You're not logged in!

Compare scores with friends on all Sporcle quizzes.
OR
Log In

Show Comments

Extras

Created Nov 5, 2010ReportNominate
Tags:date, Delivery, mail

Top Quizzes Today


Score Distribution

Your Account Isn't Verified!

In order to create a playlist on Sporcle, you need to verify the email address you used during registration. Go to your Sporcle Settings to finish the process.

Report this User

Report this user for behavior that violates our Community Guidelines.

Details: